Statistics for World Capitals Containing H

Click here to take the quiz!

General Stats

  • This quiz has been taken 3,302 times
  • The average score is 26 of 32

Answer Stats

capital% Correct
Helsinki
95%
Washington
93%
Hanoi
92%
Harare
90%
Bucharest
89%
Havana
89%
Ashgabat
88%
Honiara
86%
Riyadh
86%
Stockholm
86%
Dhaka
85%
Khartoum
84%
Tehran
84%
Abu Dhabi
83%
Athens
83%
Bishkek
83%
Chișinău
83%
New Delhi
83%
Tashkent
83%
Copenhagen
82%
Kathmandu
82%
Baghdad
81%
Dushanbe
81%
Windhoek
81%
Phnom Penh
80%
Thimphu
80%
Doha
79%
Kinshasa
77%
Mogadishu
75%
Nouakchott
65%
St John's
64%
South Tarawa
57%

Score Distribution

Percentile by Number Answered

Percent of People with Each Score

Your Score History

You have not taken this quiz